Catalog

Record Details

Catalog Search



Keswick˙s Triumphant Voice : Forty-Eight Outstanding Adresses Delivered at the Keswick Convention 1882-1962 Cover Image Book Book

Keswick˙s Triumphant Voice : Forty-Eight Outstanding Adresses Delivered at the Keswick Convention 1882-1962 Herbert F. Stevenson

Record details

  • Physical Description: 408 p.
  • Publisher: London. Edinburgh Marshall, Morgan and Scott 1963

Available copies

  • 1 of 1 copy available at Common Catalog SPOK.

Holds

  • 0 current holds with 1 total copy.
Show Only Available Copies
Location Call Number / Copy Notes Barcode Shelving Location Status Due Date
ETS Library 241 424470012616 Volný výběr Available -

LDR 00701nam a2 00229
00136325
003CZ-PrJAB
00520120203000000.0
008120203s1963 xxk e |||| |eng
009gb
035 . ‡a(CONS)4850
035 . ‡aKPS13764
040 . ‡aABG450
041 . ‡aeng
08214. ‡a241
100 . ‡7682 ‡aStevenson, Herbert F.
245 . ‡aKeswick˙s Triumphant Voice : ‡bForty-Eight Outstanding Adresses Delivered at the Keswick Convention 1882-1962 ‡cHerbert F. Stevenson
260 . ‡aLondon. Edinburgh ‡bMarshall, Morgan and Scott ‡c1963
300 . ‡a408 p.
653 . ‡aKeswick˙s Triumphant Voice
8524 . ‡bETS ‡bETS ‡cVolný výběr ‡j241 ‡gA ‡p424470012616
910 . ‡aABG450
999 . ‡a4850 ‡bAUTOGEN ‡c4850 ‡tbiblio
905 . ‡uadmin
901 . ‡a36325 ‡b ‡c36325 ‡tbiblio ‡sets

Additional Resources